Т. 1 : Разработка нефтяных месторождений на поздней стадии; Разработка нефтяных месторождений

Detalles Bibliográficos
Parent link:Разработка нефтяных месторождений: в 4 т./ Академия естественных наук Российской Федерации ; ЮКОС ; под ред. Н. И. Хисамутдинова , Г. З. Ибрагимова. Т. 1 : Разработка нефтяных месторождений на поздней стадии.— , 1994.— 5-88595-001-6
Outros autores: Хисамутдинов Н. И. Наиль Исмагзамович, Хасанов М. М. Марс Магнавиевич, Телин А. Г. Алексей Герольдович, Ибрагимов Г. З. Габрауф Закирович, Латыпов А. Р. Альберт Рифович, Потапов А. М. Александр Михайлович
Idioma:ruso
Publicado: 1994
Subjects:
Formato: MixedMaterials Libro
KOHA link:https://koha.lib.tpu.ru/cgi-bin/koha/opac-detail.pl?biblionumber=106395

MARC

LEADER 00000nam2a2200000 4500
001 106395
005 20231101214653.0
010 |a 5885950067 
035 |a (RuTPU)RU\TPU\book\114810 
090 |a 106395 
100 |a 20061205d1994 k y0rusy50 ca 
101 0 |a rus 
102 |a RU 
105 |a a z 001zy 
200 0 |a Т. 1 : Разработка нефтяных месторождений на поздней стадии  |f Н. И. Хисамутдинов [и др.] 
210 |d 1994 
215 |a 236 с.  |c ил. 
320 |a Библиогр.: с. 231-238. 
461 1 |0 (RuTPU)RU\TPU\book\126427  |y 5-88595-001-6  |t Разработка нефтяных месторождений  |o в 4 т.  |f Академия естественных наук Российской Федерации ; ЮКОС ; под ред. Н. И. Хисамутдинова , Г. З. Ибрагимова  |v Т. 1 : Разработка нефтяных месторождений на поздней стадии  |d 1994 
606 1 |a Нефтедобыча  |x Системы разработки  |x Эксплуатация  |x Механизация  |2 stltpush  |3 (RuTPU)RU\TPU\subj\45690  |9 64882 
610 1 |a нефтяные месторождения 
610 1 |a разработка 
610 1 |a контроль 
610 1 |a геолого-технические мероприятия 
610 1 |a нефтеотдача 
675 |a 622.276  |v 3 
701 1 |a Хисамутдинов  |b Н. И.  |g Наиль Исмагзамович 
701 1 |a Хасанов  |b М. М.  |g Марс Магнавиевич 
701 1 |a Телин  |b А. Г.  |g Алексей Герольдович 
701 1 |a Ибрагимов  |b Г. З.  |g Габрауф Закирович 
701 1 |a Латыпов  |b А. Р.  |g Альберт Рифович 
701 1 |a Потапов  |b А. М.  |g Александр Михайлович 
801 1 |a RU  |b 63413507  |c 20061205  |g PSBO 
801 2 |a RU  |b 63413507  |c 20180409  |g PSBO 
942 |c BK